000 00381nam a2200157Ia 4500
008 230312s9999||||xx |||||||||||||| ||und||
020 _a1905209479
082 _a621.385
_bMAN-P
100 _aPujolle, Guy
245 0 _aManagement, Control and Evolution of IP Networks
260 _bISTE Ltd
_aUK
_c2007
300 _a640
546 _aEng.
650 _aEngineering
942 _cBK
999 _c4670
_d4670